000 00500nam a22001817a 4500
003 CEME
005 20210628202310.0
008 210113b xxu||||| |||| 00| 0 eng d
020 _a9788177587852
040 _c.
082 _a006.3 DUN
100 _aDunham, Margaret H
_959210
245 _aData mining introductory and advanced topics
260 _aINDIA
_bPEARSON EDUCATION
_c2013
300 _aXV, 311P
650 _aDATA MINING - INTRODUCTORY AND ADVANCED TOPICS
_959211
942 _cBK
_2ddc
999 _c569245
_d569245